000 00538cam a2200181 4500500
005 20260329003049.0
041 _afre
042 _adc
100 1 0 _aEltchaninoff, Michel
_eauthor
245 0 0 _a1. L’Islam du vendredi
260 _c2014.
500 _a12
690 _aIran
690 _aIslam
690 _aThéologico-politique
786 0 _nPhilosophie magazine | 82 | 9 | 2014-09-01 | p. 23-24 | 1951-1787
856 4 1 _uhttps://shs.cairn.info/magazine-philosophie-magazine-2014-9-page-23?lang=fr&redirect-ssocas=7080
999 _c1821094
_d1821094